Statistics for Fruits that are purple

Click here to take the quiz!

General Stats

  • This quiz has been taken 49 times
  • The average score is 4 of 10

Answer Stats

PurpleFruit% Correct
PurpleGrapes
87%
PurplePlum
79%
PurpleEggplant
69%
PurpleBlackberry
59%
PurpleBlueberry
49%
PurpleFigs
13%
PurpleRaisins
13%
PurpleElderberries
8%
PurpleBilberries
3%
PurpleCranberries
3%

Score Distribution

Percentile by Number Answered

Percent of People with Each Score

Your Score History

You have not taken this quiz